| 000 | 01243njm a22002777a 4500 | ||
|---|---|---|---|
| 005 | 2010091601121.0 | ||
| 007 | sd ammalaaahaa | ||
| 008 | 100916t xxu||||| |||| 00| 0 hin d | ||
| 028 |
_a3AEX. 5076 _bODEON |
||
| 035 | _aGR-02926 | ||
| 040 | _aSED/VEN | ||
| 100 |
_aBhosle, Asha _920257 |
||
| 245 |
_aKaajal : _cby Asha Bhosle ; music by Ravi ; lyrics by Sahir Ludhianvi _h[sound recording] : _bHindustani / |
||
| 246 | _aकाजल (आशा भोसले ) | ||
| 260 |
_aDum Dum India _bODEON _c1966 |
||
| 300 |
_a1 sound disc [Gramophone record] : _banalog, 33 1/3 rpm _c12 in. _fGramophone Record |
||
| 500 | _aBrief Record | ||
| 500 | _aODEON | ||
| 500 | _aBlack | ||
| 505 | _aTora man darpan part 1 (Kaajal) (Asha Bhosle) तोरा मन दर्पण पार्ट १ (काजल ) (आशा भोसले ) Chhu lene do part 2 (Kaajal) (Mohd. Rafi) छू लेने दो पार्ट २ (काजल ) (मोहद. रफ़ी ) | ||
| 650 |
_vFilmi Song _xExcerpts _zIndia _920258 _aClassical Music |
||
| 700 |
_aRavi _920262 |
||
| 700 |
_aSahir Ludhianvi _920263 |
||
| 942 |
_2ddc _cGR |
||
| 999 |
_c46069 _d46069 |
||